00511nam a22001697a 450000500170000001000150001702000260003203500140005803700130007208200060008510000220009124500790011326000500019227000550024230000210029770000230031820180426122028.0 aENG-122675 a9789386050656c350.00 aEN-106207 bDBAD/PUB aN aShelke, Uddhav J. aKautik on embers /cby Uddhav J. Shelke [and] translated by Shanta Gokhale aNew Delhi bSpeaking Tiger Publicationsc2017 a4381/4, Ansari Road, Daryaganj,bNew Delhie110002 a291p.c21cm(pbk) a Gokhale, Shanta